| 000 | 00452nam a2200157 a 4500 | ||
|---|---|---|---|
| 001 | 000032786 | ||
| 005 | 20200930065831.0 | ||
| 008 | 110726s1940 dr 000 0 spa d | ||
| 040 |
_aDO-SdBNP _bspa _cBNPHU |
||
| 082 |
_axxx _bM843 |
||
| 100 | 1 |
_aMoreno Jimenes, D. _958615 |
|
| 245 | 1 | 0 |
_aFogatas sobre el signo / _cD. Moreno Jimenes. |
| 260 |
_aSantiago, República Dominicana : _bColina Sacra, _c1940. |
||
| 300 |
_a[28 p.] ; _c15 cm. |
||
| 049 | _aBNPD | ||
| 999 |
_c32277 _d32277 |
||